Five largest cities Quiz Stats

Quiz not verified by Sporcle

Challenge
Share
Tweet
Embed
Score 0/50 Timer 08:00
0 Plays Today
Country City % Correct
USANew York
97.9%
ChinaBeijing
97.2%
USALos Angeles
96.4%
USAChicago
94.7%
JapanTōkyō
94.4%
RussiaMoskva (Moscow)
94.1%
ChinaShanghai
93.8%
IndiaMumbai
92.2%
BrazilRio de Janeiro
90.9%
RussiaSankt-Peterburg (St Petersburg)
90.2%
IndiaDelhi
90%
IndonesiaJakarta
89.5%
BrazilSão Paulo
89.3%
USAHouston
88%
NigeriaLagos
82.1%
JapanŌsaka
81.2%
IndiaKolkata
80.3%
BangladeshDhāka
78.1%
PakistanKarachi
77.8%
USAPhoenix
68.8%
PakistanLahore
65.1%
IndiaBangalore
59.1%
IndiaChennai
57%
BrazilBelo Horizonte
54.7%
JapanYokohama
50.5%
Country City % Correct
ChinaXian
46.4%
BrazilPorto Alegre
45.5%
ChinaWuhan
45.1%
BrazilSalvador
45.1%
JapanSapporo
43.3%
BangladeshChāţţagām (Chittagong)
41.2%
JapanNagoya
40%
ChinaChongqing
38.9%
NigeriaKano
38.4%
RussiaNizhniy Novgorod
35.8%
RussiaNovosibirsk
32.9%
NigeriaIbadan
29.4%
IndonesiaSurabaya
29.3%
RussiaYekaterinburg
28.8%
PakistanFaisalābād
26.9%
IndonesiaBandung
26.9%
IndonesiaMedan
22.8%
PakistanRāwalpindi
21.9%
NigeriaPort Harcourt
21.8%
NigeriaBenin
20.6%
PakistanMultān
9%
BangladeshKhulnā
6.6%
IndonesiaBekasi
5.7%
BangladeshNārāyanganj
2.7%
BangladeshGazipur
1.5%

You're not logged in!

Compare scores with friends on all Sporcle quizzes.
Join for Free
OR
Log In

You Might Also Like...

Show Comments

Extras

Top Quizzes Today


Score Distribution

Your Account Isn't Verified!

In order to create a playlist on Sporcle, you need to verify the email address you used during registration. Go to your Sporcle Settings to finish the process.

Report this User

Report this user for behavior that violates our Community Guidelines.

Details: